000
00272nam a2200109Ia 4500
008
190914s9999||||xx |||||||||||||| ||und||
100
_a
Prof: Inayat Ali Khan
245
0
_a
Nihayat : Intikhab Kalam Inayat
260
_a
Karachi
_b
Industree
_c
2004
300
_a
529
942
_c
BK
999
_c
9328
_d
9328